000 00528nam a2200205 i 4500
001 64255
003 ES-MaACL
005 20230906165102.0
007 t|
008 031223s1956 sp ||||1| spa d
100 1 _aFlores, Jesús.
_951259
245 1 0 _aCorea en llamas /
_cJesús Flores.
250 _a[1ª ed.].
260 _aBarcelona :
_bJano,
_c[1956] (
_fHorta)
300 _a220 p. ;
_c19 cm.
490 1 _aAlcides
830 0 _aAlcides
_9230704
852 _aES-MaACL
_jC-11060
_bR.39129
999 _c64255
_d64255